=LDR 00000nam 2200000 4500 =001 INLIS000000000008315 =005 20130612100216 =008 ***********************************Ind** =035 ##$$0010-061300000008315 =041 ##$$a Ind =082 ##$$a 495.1 =090 ##$$a 495.1, Kur p =100 ##$$a Kurnia, Jiren =245 ##$$a Penuntun berbahasa mandaryn, Jiren Kurnia Y.K.G =260 ##$$a 1995 $b Jakarta =300 ##$$a xiii, 117 hlm, 21 cm =650 ##$$a bahasa Mandarin